Divadelní kostým : Absolventi »Tröstrovy katedry« scénografie DAMU /
Uložené v:
| Hlavný autor: | |
|---|---|
| Ďalší autori: | , |
| Médium: | Kniha |
| Jazyk: | Czech English |
| Vydavateľské údaje: |
Praha :
DAMU,
2013
|
| Vydanie: | 1. vydanie |
| Predmet: | |
| Tagy: |
Žiadne tagy, Buďte prvý, kto otaguje tento záznam!
|
MARC
| LEADER | 00000nam a22000003a 4500 | ||
|---|---|---|---|
| 001 | 0071950 | ||
| 003 | SK-STU | ||
| 005 | 20240402142532.1 | ||
| 007 | ta | ||
| 008 | 190225s ----xo-----e------000-0-----d | ||
| 020 | |a 978-80-7331-295-4 | ||
| 040 | |a STU |b slo | ||
| 041 | 0 | |a cze |a eng | |
| 044 | |a xr | ||
| 100 | 1 | |a Koubská, Vlasta |4 aut | |
| 245 | 1 | 0 | |a Divadelní kostým : |b Absolventi »Tröstrovy katedry« scénografie DAMU / |c aut. Vlasta Koubská, Jana Zbořilová, Ivana Brádková |
| 246 | 3 | 1 | |a Theatre Costume : |b Graduates of »Tröster´s Department« of Scenography at DAMU |
| 250 | |a 1. vydanie | ||
| 260 | |a Praha : |b DAMU, |c 2013 | ||
| 300 | |a 239 s. | ||
| 650 | 0 | 7 | |a scénografia |
| 650 | 0 | 7 | |a umelecké dielo |
| 650 | 0 | 7 | |a výtvarníci českí |
| 700 | 1 | |a Zbořilová, Jana |4 edt | |
| 700 | 1 | |a Brádková, Ivana |4 edt | |
| 996 | |b 284AU07927 |c A* 11187/U |l AAKNAR |s A |a 24 |w 0071950_0001 | ||